John Bradburne of Mutemwa : (Record no. 121851)
[ view plain ]
| 000 -LEADER | |
|---|---|
| fixed length control field | 00823cam a2200253 a 4500 |
| 001 - CONTROL NUMBER | |
| control field | 1931781 |
| 003 - CONTROL NUMBER IDENTIFIER | |
| control field | ARRUPE |
| 005 - DATE AND TIME OF LATEST TRANSACTION | |
| control field | 20150121124150.0 |
| 008 - FIXED-LENGTH DATA ELEMENTS--GENERAL INFORMATION | |
| fixed length control field | 860710s1985 rh acf 000 0beng |
| 010 ## - LIBRARY OF CONGRESS CONTROL NUMBER | |
| LC control number | 85981639 |
| 020 ## - INTERNATIONAL STANDARD BOOK NUMBER | |
| International Standard Book Number | 0869223526 (pbk.) |
| 040 ## - CATALOGING SOURCE | |
| Original cataloging agency | DLC |
| Transcribing agency | DLC |
| Modifying agency | DLC |
| 043 ## - GEOGRAPHIC AREA CODE | |
| Geographic area code | f------ |
| 050 00 - LIBRARY OF CONGRESS CALL NUMBER | |
| Classification number | BX1632.Z55.B72D75 |
| 300 ## - PHYSICAL DESCRIPTION | |
| Other physical details | ill., ports. ; |
| Dimensions | 19 cm. |
| 100 1# - MAIN ENTRY--PERSONAL NAME | |
| Personal name | Dove, John |
| Fuller form of name | (John Thurston) |
| 9 (RLIN) | 14479 |
| 245 10 - TITLE STATEMENT | |
| Title | John Bradburne of Mutemwa : |
| Remainder of title | three wishes fulfilled / |
| Statement of responsibility, etc | John Dove. |
| 260 ## - PUBLICATION, DISTRIBUTION, ETC. (IMPRINT) | |
| Place of publication, distribution, etc | Gweru, Zimbabwe : |
| Name of publisher, distributor, etc | Mambo Press, |
| Date of publication, distribution, etc | 1985. |
| 300 ## - PHYSICAL DESCRIPTION | |
| Extent | 24 p., [4] p. of plates : |
| 440 #0 - SERIES STATEMENT/ADDED ENTRY--TITLE | |
| Title | Makers of Zimbabwe ; |
| Volume number/sequential designation | 2 |
| 9 (RLIN) | 14480 |
| 600 10 - SUBJECT ADDED ENTRY--PERSONAL NAME | |
| Personal name | Bradburne, John, |
| Dates associated with a name | -1979. |
| 9 (RLIN) | 14481 |
| 610 20 - SUBJECT ADDED ENTRY--CORPORATE NAME | |
| Corporate name or jurisdiction name as entry element | Franciscans |
| Geographic subdivision | Zimbabwe |
| General subdivision | Biography. |
| 9 (RLIN) | 14482 |
| 906 ## - LOCAL DATA ELEMENT F, LDF (RLIN) | |
| a | 7 |
| b | cbc |
| c | orignew |
| d | 3 |
| e | ncip |
| f | 19 |
| g | y-gencatlg |
| 942 ## - ADDED ENTRY ELEMENTS (KOHA) | |
| Source of classification or shelving scheme | Library of Congress Classification |
| Koha item type | Monograph ( Printed materials) |
| Withdrawn status | Lost status | Source of classification or shelving scheme | Damaged status | Not for loan | Collection code | Home library | Current library | Shelving location | Date acquired | Total Checkouts | Full call number | Barcode | Date last seen | Copy number | Price effective from | Koha item type |
|---|---|---|---|---|---|---|---|---|---|---|---|---|---|---|---|---|
| Library of Congress Classification | Main Collection | ARRUPE LIBRARY | ARRUPE LIBRARY | Main Collection | 21/01/2015 | BX1632.Z55.B72D75 | 46500003062 | 22/11/2017 | 1 | 21/01/2015 | Monograph ( Printed materials) |